Online
Catalog

Album simbólico / (Record no. 8735)

MARC details
000 -CABECERA
campo de control de longitud fija 00936nam a2200241 a 4500
001 - NÚMERO DE CONTROL
campo de control 000008971
003 - IDENTIFICADOR DEL NÚMERO DE CONTROL
campo de control OSt
005 - FECHA Y HORA DE LA ÚLTIMA TRANSACCIÓN
campo de control 20240412074208.0
008 - DATOS DE LONGITUD FIJA--INFORMACIÓN GENERAL
campo de control de longitud fija 090922s1957 dr 000 p spa d
040 ## - FUENTE DE LA CATALOGACIÓN
Centro catalogador/agencia de origen DO-SdBNP
Lengua de catalogación spa
Centro/agencia transcriptor BNPHU
082 ## - NÚMERO DE LA CLASIFICACIÓN DECIMAL DEWEY
Número de clasificación RD861.08
Número de documento/Ítem A345s
Número de edición 22
245 00 - MENCIÓN DE TÍTULO
Título Album simbólico /
Mención de responsabilidad, etc. edición Manuel E. Suncar Chevalier.
260 ## - PUBLICACIÓN, DISTRIBUCIÓN, ETC.
Lugar de publicación, distribución, etc. Ciudad Trujillo, Santo Domingo :
Nombre del editor, distribuidor, etc. Ateneo Dominicano,
Fecha de publicación, distribución, etc. 1957.
300 ## - DESCRIPCIÓN FÍSICA
Extensión 365 p. ;
Dimensiones 25 cm.
500 ## - NOTA GENERAL
Nota general Homenaje de los poetas dominicanos al generalisimo Dr. Rafael L. Trujillo Molina, Padre de la Patria Nueva en el vigésimoquinto aniversario de la era de Trujillo, 1955.
590 ## - NOTA LOCAL (RLIN)
Nota local Inventariado, 2019/MFF
650 #4 - PUNTO DE ACCESO ADICIONAL DE MATERIA--TÉRMINO DE MATERIA
Término de materia o nombre geográfico como elemento de entrada Poesía dominicana
Subdivisión de forma Colecciones
9 (RLIN) 7120
650 #0 - PUNTO DE ACCESO ADICIONAL DE MATERIA--TÉRMINO DE MATERIA
Término de materia o nombre geográfico como elemento de entrada Literatura dominicana.
9 (RLIN) 67
651 #4 - PUNTO DE ACCESO ADICIONAL DE MATERIA--NOMBRE GEOGRÁFICO
Nombre geográfico Poetas Dominicanos
Subdivisión de forma Colecciones
9 (RLIN) 23576
700 1# - PUNTO DE ACCESO ADICIONAL--NOMBRE DE PERSONA
Nombre de persona Suncar Chevalier, Manuel E.
Término indicativo de función/relación ed.
9 (RLIN) 23577
910 ## - DATOS DE OPCIÓN DEL USUARIO (OCLC)
Datos de opción del usuario Validado. Control de calidad MFF
942 ## - ELEMENTOS DE PUNTO DE ACCESO ADICIONAL (KOHA)
Fuente del sistema de clasificación o colocación Dewey Decimal Classification
Tipo de ítem Koha Libro
Holdings
Estado de retiro Estado de pérdida Restricciones de uso No para préstamo Código de colección Localización permanente Ubicación/localización actual Ubicación en estantería Fecha de adquisición Número de inventario Total de préstamos Signatura topográfica completa Código de barras Fecha visto por última vez Número de copia Precio válido a partir de Tipo de ítem Koha Fuente del sistema de clasificación o colocación Nota pública
      Excluido de préstamo Raros y valiosos Patrimonio Dominicano Patrimonio Dominicano Depósito 09.08.2019 LF1   RD861.08 A345s 8971-20 25.06.2020 e.2 25.06.2020 No se presta    
      Excluido de préstamo Raros y valiosos Patrimonio Dominicano Patrimonio Dominicano Depósito 22.09.2009 LF1   RD861.08 A345s 8971-10 25.06.2020   25.06.2020 No se presta Dewey Decimal Classification Perteneció a la bibliotec a personal de la Familia Reyes Duluc

Powered by Koha